Robo Vaněk, alebo, Mňááámm-

Bibliographic Details
Main Authors: bob (ain), Vaněk, Robert 1966- (Author)
Format: Article
Language:Slovak
PhysicalDescription:Obr.
Subjects:

MARC

LEADER 00000nab a2200000 a 4500
001 vtls000672108
003 SK-MaSNL
005 20260304094827.0
008 250425c1998 xo 0 slo
015 |a SNBRB1998/10-29202 
035 |a CLN000024284 
035 |a urn:nbn:sk:snk-abbs2m 
035 |a (urnnbn)urn:nbn:sk:snk:ar-003j3v 
035 |a (uuid)cd2a2c38-b270-4832-9c7b-6435716e3917 
040 |a SNKBUCL  |b slo  |c SNKBUCL  |e AACR2 
041 0 |a slo 
044 |a xo  |c SK 
080 |a 741.5.071.1  |2 1997 
100 1 |a bob  |4 ain  |9 934860 
245 1 0 |a Robo Vaněk, alebo, Mňááámm-  |c zhováral sa Bob 
300 |b Obr. 
600 1 7 |a Vaněk, Robert,  |d 1966-  |2 snkbucl  |9 15144 
655 7 |a články z novín a časopisov  |2 snkbucl  |9 267496 
700 1 |a Vaněk, Robert  |d 1966-  |4 aut  |9 15144 
773 0 |t Dotyky  |g Roč. 10, č. 6 (1998), s. 20-21 
850 |a Slovenská národná knižnica 
852 |a Slovenská národná knižnica 
958 |a article15 
958 |a OND 
958 |a SK 
958 |a EUIPO 
992 |a RBX 
999 |c 2829169  |d 2831099